Guess the 1960s song lyrics #106 - Statistics

General Stats
  • This quiz has been taken 11 times
  • The average score is 77 of 175
Answer Stats
Answer % Correct
a
80%
I
80%
so
80%
the
80%
you
80%
You
80%
an
70%
And
70%
be
70%
girl
70%
hear
70%
no
70%
do
60%
down
60%
her
60%
in
60%
it's
60%
on
60%
She
60%
she
60%
that
60%
That
60%
told
60%
your
60%
at
50%
baby
50%
Cause
50%
get
50%
Get
50%
gonna
50%
Gonna
50%
If
50%
know
50%
make
50%
now
50%
Now
50%
oh
50%
she's
50%
She's
50%
what
50%
you're
50%
Before
40%
better
40%
But
40%
don't
40%
got
40%
Or
40%
she'll
40%
too
40%
Well
40%
will
40%
won't
40%
around
30%
big
30%
black
30%
car
30%
far
30%
little
30%
ooh
30%
out
30%
people
30%
put
30%
Say
30%
say
30%
thinking
30%
Who's
30%
away
20%
evil
20%
hair
20%
hoo
20%
late
20%
long
20%
night
20%
Ow
20%
remember
20%
Sonics
20%
town
20%
walks
20%
watch
20%
witch
20%
Woah
20%
Ahoo
10%
ahoo
10%
careful
10%
chick
10%
door
10%
itch
10%
knocking
10%
Most
10%
new
10%
other
10%
score
10%
set
10%
sleepin
10%
straight
10%
tight
10%
Wah
10%
wahoo
10%
No matching quizzes found
Score Distribution
Percent of People with Each Score
Percentile by Number Answered
Your Score History
You have not taken this quiz